|
|
|
|
| LEADER |
00000nas a2200000 a 4500 |
| 001 |
ssj0034854 |
| 003 |
WaSeSS |
| 005 |
20200512172242.0 |
| 006 |
m d |
| 007 |
cr n |
| 008 |
050518d20042010vauqr p s f| 0eng c |
| 010 |
|
|
|a 2010231121
|
| 022 |
|
|
|y 1553-6408
|
| 035 |
|
|
|a (WaSeSS)ssj0034854
|
| 040 |
|
|
|a IWA
|b eng
|c IWA
|d TXJ
|d OCLCQ
|d LGG
|d GPO
|d OCLCQ
|d GPO
|d OCLCF
|d DKDLA
|d OCLCQ
|d GPO
|d COO
|d OCLCQ
|d GPO
|d GILDS
|d OCLCO
|d GPO
|d OCLCA
|d UUM
|d OCLCO
|d VT2
|d OCLCO
|d WaSeSS
|
| 042 |
|
|
|a pcc
|
| 043 |
|
|
|a n-us---
|
| 050 |
1 |
4 |
|a UC260
|b .A27
|
| 074 |
|
|
|a 0306-F-01 (online)
|
| 082 |
0 |
0 |
|a 355.6/212/0973
|2 20
|
| 086 |
0 |
|
|a D 1.103:
|
| 245 |
0 |
0 |
|a Defense AR journal
|h [electronic resource].
|
| 246 |
1 |
3 |
|a Defense ARJ
|
| 246 |
1 |
3 |
|a ARJ
|
| 246 |
1 |
3 |
|a Defense acquisition review journal
|
| 260 |
|
|
|a Fort Belvoir, VA :
|b Defense Acquisition University Press
|
| 310 |
|
|
|a Quarterly
|
| 362 |
1 |
|
|a Paper began with v. 11, no. 1 (Jan./Apr. 2004); ceased with: issue 56 (v. 17, no. 4 (Oct. 2010)).
|
| 506 |
|
|
|a License restrictions may limit access.
|
| 515 |
|
|
|a Complete issues available beginning with Feb. 2007; articles are available from earlier issues.
|
| 515 |
|
|
|a List of articles for 2000 subtitled: ARQ articles.
|
| 588 |
|
|
|a Description based on: No. 44 (v. 14, no. 1 (Jan./Feb. 2007); title from title screen (viewed Oct. 21, 2010).
|
| 588 |
|
|
|a Latest issue consulted: Issue 56 (v.17, no. 4 (Oct. 2010)).
|
| 610 |
2 |
0 |
|a Defense Acquisition University (U.S.)
|v Periodicals.
|
| 610 |
2 |
4 |
|a Defense Acquisition University (U.S.)
|v Periodicals.
|
| 610 |
2 |
7 |
|a Defense Acquisition University (U.S.)
|2 fast
|0 (OCoLC)fst00692557
|
| 650 |
|
0 |
|a Armed Forces
|x Procurement
|v Periodicals.
|
| 650 |
|
7 |
|a Armed Forces
|x Procurement.
|2 fast
|0 (OCoLC)fst00814624
|
| 651 |
|
0 |
|a United States
|x Armed Forces
|x Procurement
|v Periodicals.
|
| 651 |
|
7 |
|a United States.
|2 fast
|0 (OCoLC)fst01204155
|
| 655 |
|
0 |
|a Electronic journals.
|
| 710 |
2 |
|
|a Defense Acquisition University (U.S.)
|
| 776 |
0 |
8 |
|i Paper version:
|t Defense AR journal
|x 1553-6408
|w (DLC) 2004231730
|w (OCoLC)55086484
|
| 780 |
0 |
0 |
|t Acquisition review quarterly
|x 1087-3112
|w (DLC) 95642455
|w (OCoLC)29881870
|
| 785 |
0 |
0 |
|t Defense acquisition research journal (Online)
|x 2156-8405
|w (DLC) 2010202137
|w (OCoLC)656600442
|
| 856 |
4 |
0 |
|z Full text available from Research Library: 07/01/2002 to present
|u https://search.proquest.com/publication/29577
|